| 000 | 00570nam a2200193 u 4500 | ||
|---|---|---|---|
| 005 | 20210223133413.0 | ||
| 008 | 170914s2002 r 000 0 eng d | ||
| 020 | _a997880675X | ||
| 035 | _aUPN01000220547 | ||
| 049 | _aI | ||
| 050 | 4 |
_aPZ78 _bR6.43a |
|
| 100 | 1 |
_aRoa Bastos, Augusto, _d1917-2005 _930755 |
|
| 245 | 1 | 4 |
_aLos juegos de Carolina y Gaspar / _cAugusto Roa Bastos ; il. Eulalia Cornejo. |
| 260 |
_aQuito : _bLibresa, _c2002. |
||
| 300 |
_a24 p. : _bil. col. |
||
| 440 | 0 | _aGarabato | |
| 650 | 4 |
_aCUENTOS INFANTILES PARAGUAYOS _919818 |
|
| 905 | _aInfantil | ||
| 999 |
_c192646 _d192646 |
||